000
00340 a2200157 4500
001
61119
020
_a
8526220888
040
_c
Anchieta - Pituba
100
_a
Aguiar, Joaquim
240
1
0
_a
A poesia da canção
_l
por
245
1
0
_a
A poesia da canção
300
_a
71
362
0
_a
2001
650
4
_a
Ficção brasileira
942
_c
BK
999
_c
61119
_d
61119